[Event "Olympiad Women-26"]
[Site "Thessaloniki"]
[Date "1984.11.22"]
[Round "4"]
[White "Justo, Virginia"]
[Black "Efremoglou, A."]
[Result "1-0"]
[WhiteElo "2050"]
[BlackElo "1925"]
[PlyCount "105"]
[EventDate "1984.11.19"]
[EventType "team-swiss"]
[EventRounds "14"]
[EventCountry "GRE"]
[SourceTitle "EXT 2019"]
[Source "ChessBase"]
[SourceDate "2018.10.10"]
[SourceVersion "1"]
[SourceVersionDate "2018.10.10"]
[SourceQuality "1"]
[WhiteTeam "Argentina (W)"]
[BlackTeam "Greece (W) II"]
[WhiteTeamCountry "ARG"]
[BlackTeamCountry "GRE"]

1. e4 d6 2. d4 Nf6 3. Nc3 g6 4. g3 Bg7 5. Bg2 0-0 6. Nge2 c6 7. 0-0 e5 8. h3 Nbd7 9. Be3 Re8 10. Re1 a5 11. Qd2 Rb8 12. g4 b5 13. Ng3 Nb6 14. b3 b4 15. Nce2 Ba6 16. Rad1 Qc7 17. c4 Bf8 18. f4 Nfd7 19. fxe5 dxe5 20. d5 c5 21. Rf1 Nc8 22. Nc1 Nd6 23. Qf2 Bg7 24. Nd3 Rbc8 25. Qd2 Rf8 26. h4 a4 27. h5 a3 28. Rf2 Ne8 29. Rdf1 Qd6 30. Bh3 Rc7 31. Rf3 Bc8 32. g5 Nb8 33. Bxc8 Rxc8 34. Qf2 Qe7 35. Bxc5 Rxc5 36. Qxc5 Qxg5 37. Qe3 Qh4 38. hxg6 hxg6 39. Qe2 Qe7 40. c5 Na6 41. d6 Qb7 42. Qc2 Nb8 43. Qc4 Nc6 44. Qd5 Qd7 45. Kg2 Nd4 46. R3f2 Nc6 47. Kh2 Bh6 48. Nxe5 Nxe5 49. Qxe5 f6 50. Qd5+ Kg7 51. e5 Nc7 52. exf6+ Kh7 53. Qb7 1-0

[Event "Olympiad Women-10"]
[Site "Luzern"]
[Date "1982.11.12"]
[Round "12"]
[White "Justo, Virginia"]
[Black "Lanni, Diana"]
[Result "0-1"]
[WhiteElo "1940"]
[BlackElo "1915"]
[PlyCount "60"]
[EventDate "1982.10.30"]
[EventType "team-swiss"]
[EventRounds "14"]
[EventCountry "SUI"]
[SourceTitle "EXT 2019"]
[Source "ChessBase"]
[SourceDate "2018.10.10"]
[SourceVersion "1"]
[SourceVersionDate "2018.10.10"]
[SourceQuality "1"]
[WhiteTeam "Argentina (W)"]
[BlackTeam "United States (W)"]
[WhiteTeamCountry "ARG"]
[BlackTeamCountry "USA"]

1. e4 e5 2. Nf3 Nc6 3. Bb5 f5 4. d3 fxe4 5. dxe4 Nf6 6. 0-0 Bc5 7. Nbd2 0-0 8. c3 d6 9. Qe2 Bg4 10. Bxc6 bxc6 11. Qc4+ Kh8 12. Nxe5 Qe8 13. Nef3 Qh5 14. Qd3 Nd7 15. h3 Be6 16. Nd4 Ne5 17. Qg3 Bc8 18. N2f3 Ba6 19. Ne6 Nxf3+ 20. gxf3 Rf7 21. Nf4 Qe5 22. Re1 Raf8 23. Kh1 Rxf4 24. Bxf4 Qxf4 25. Qxf4 Rxf4 26. Kg2 Rf6 27. f4 Rxf4 28. f3 Rf6 29. b3 Rg6+ 30. Kh2 Bf2 0-1

[Event "Olympiad Women-10"]
[Site "Luzern"]
[Date "1982.11.08"]
[Round "9"]
[White "Justo, Virginia"]
[Black "Fontanilla, Girmie"]
[Result "1/2-1/2"]
[WhiteElo "1940"]
[BlackElo "1900"]
[PlyCount "136"]
[EventDate "1982.10.30"]
[EventType "team-swiss"]
[EventRounds "14"]
[EventCountry "SUI"]
[SourceTitle "EXT 2019"]
[Source "ChessBase"]
[SourceDate "2018.10.10"]
[SourceVersion "1"]
[SourceVersionDate "2018.10.10"]
[SourceQuality "1"]
[WhiteTeam "Argentina (W)"]
[BlackTeam "Philippines (W)"]
[WhiteTeamCountry "ARG"]
[BlackTeamCountry "PHI"]

1. e4 c6 2. d4 d5 3. Nd2 dxe4 4. Nxe4 Bf5 5. Ng3 Bg6 6. h4 h6 7. Nf3 Nd7 8. h5 Bh7 9. Bd3 Bxd3 10. Qxd3 Qc7 11. Bd2 Ngf6 12. 0-0-0 e6 13. Ne4 Nxe4 14. Qxe4 Bd6 15. g3 Nf6 16. Qe2 0-0-0 17. Ne5 c5 18. Rh4 Kb8 19. Nc4 Ka8 20. Nxd6 Qxd6 21. Be3 cxd4 22. Rhxd4 Qc7 23. Ra4 Rxd1+ 24. Qxd1 b6 25. Qd4 Rc8 26. c3 Qc6 27. Ra3 Nd5 28. Qa4 Qxa4 29. Rxa4 Nxe3 30. fxe3 Rc5 31. g4 e5 32. Kd2 Kb7 33. Kd3 b5 34. Re4 Rd5+ 35. Ke2 Kc6 36. a4 a6 37. axb5+ axb5 38. c4 Rc5 39. cxb5+ Rxb5 40. Kd3 Kd5 41. b4 Rb7 42. Rc4 g6 43. hxg6 fxg6 44. Kc3 h5 45. gxh5 gxh5 46. Rh4 Rh7 47. e4+ Kc6 48. Kc4 Kd6 49. b5 Rc7+ 50. Kb4 Rh7 51. b6 Kc6 52. Kc4 Kxb6 53. Kd5 Kc7 54. Kxe5 Kd7 55. Kd5 Ke7 56. e5 Rh6 57. Ra4 h4 58. Ra7+ Kd8 59. e6 h3 60. Kd6 Kc8 61. Ra8+ Kb7 62. Ra1 h2 63. Rh1 Kc8 64. Ke7 Rh3 65. Ke8 Kc7 66. e7 Kc8 67. Rc1+ Kb7 68. Kf7 Rf3+ 1/2-1/2

[Event "Olympiad Women-10"]
[Site "Luzern"]
[Date "1982.11.01"]
[Round "3"]
[White "Justo, Virginia"]
[Black "Khadilkar, Jayshree"]
[Result "1/2-1/2"]
[WhiteElo "1940"]
[BlackElo "2030"]
[PlyCount "110"]
[EventDate "1982.10.30"]
[EventType "team-swiss"]
[EventRounds "14"]
[EventCountry "SUI"]
[SourceTitle "EXT 2019"]
[Source "ChessBase"]
[SourceDate "2018.10.10"]
[SourceVersion "1"]
[SourceVersionDate "2018.10.10"]
[SourceQuality "1"]
[WhiteTeam "Argentina (W)"]
[BlackTeam "India (W)"]
[WhiteTeamCountry "ARG"]
[BlackTeamCountry "IND"]

1. e4 e5 2. Nf3 Nc6 3. Bb5 Bc5 4. 0-0 Nd4 5. Nxd4 Bxd4 6. c3 Bb6 7. d4 c6 8. Bc4 d6 9. Re1 Nf6 10. Bg5 h6 11. Bh4 Qe7 12. a4 a5 13. Na3 0-0 14. Nc2 g5 15. Bg3 Bg4 16. f3 Bd7 17. Bf2 Nh5 18. g3 Ng7 19. Ne3 Bc7 20. Qd3 Rad8 21. Rad1 Bc8 22. Ba2 Qf6 23. Kg2 Kh8 24. Qe2 Qg6 25. dxe5 dxe5 26. Rxd8 Rxd8 27. Rd1 Rxd1 28. Qxd1 Be6 29. Bxe6 Qxe6 30. Qd3 Ne8 31. Nf5 Ng7 32. Ne3 Ne8 33. b4 Nd6 34. Be1 Qb3 35. Qc2 Qxc2+ 36. Nxc2 Nc4 37. Kf1 Kg7 38. Ke2 Kf6 39. Ne3 Nb2 40. Ng4+ Kg7 41. bxa5 h5 42. a6 bxa6 43. Nf2 Nxa4 44. Nd3 Kf6 45. Nb4 Ba5 46. Kd3 Bxb4 47. cxb4 c5 48. Kc4 cxb4 49. Kxb4 Nb6 50. Kc5 Nc8 51. Kd5 Ne7+ 52. Kd6 Nc8+ 53. Kd5 Ne7+ 54. Kd6 Nc8+ 55. Kd5 Ne7+ 1/2-1/2